[Event "Campeonato de España Universitario 2008"]
[Site "Madrid ESP"]
[Date "2008.05.11"]
[Round "9.31"]
[White "Gomez Gomez, Francisco Javier"]
[Black "Alarcia Astiz, Carlos"]
[Result "1/2-1/2"]
[WhiteElo "2097"]
[BlackElo "2191"]
[PlyCount "196"]
[EventDate "2008.05.08"]
[EventType "swiss"]
[EventRounds "9"]
[EventCountry "ESP"]
[Source "lmi"]
[SourceDate "2008.05.08"]

1. d4 Nf6 2. Bg5 d5 3. Bxf6 exf6 4. e3 Bd6 5. c4 dxc4 6. Bxc4 f5 7. Nf3 O-O 8.
O-O c6 9. Nc3 Nd7 10. a3 g6 11. b4 Nb6 12. Bb3 a6 13. Rc1 Qe7 14. Nd2 Be6 15.
Bxe6 Qxe6 16. Na4 Nxa4 17. Qxa4 Rfd8 18. Rc3 h5 19. Qc2 h4 20. h3 Bc7 21. Rb1
f4 22. Nf3 fxe3 23. Rxe3 Qf6 24. Rbe1 Bb6 25. Re4 Bxd4 26. Rxh4 Bb6 27. Rhe4
Rd7 28. Qc1 Rad8 29. Rf4 Qg7 30. Ng5 Bc7 31. Rfe4 Qf6 32. h4 Rd4 33. g3 Rxe4
34. Nxe4 Qf5 35. Qc5 Qxc5 36. Nxc5 Bb6 37. Nxb7 Rd2 38. Nc5 a5 39. Re8+ Kg7 40.
Rc8 axb4 41. axb4 Rd4 42. Rxc6 Rxb4 43. Nd3 Rb3 44. Rd6 Bc7 45. Rd7 Rc3 46. Kg2
Rc2 47. Kf3 Bb6 48. Rb7 Bd4 49. Rb4 Ba7 50. Rb2 Rc3 51. Ke2 Bd4 52. Ra2 Rb3 53.
Ra4 Bf6 54. Ra7 Bd4 55. Ra4 Bf6 56. Ke3 Bd8 57. Rb4 Bb6+ 58. Ke2 Rxb4 59. Nxb4
Bc5 60. Nd3 Bd6 61. f4 Kf6 62. Kf3 Ke6 63. Ke4 Ba3 64. g4 Bd6 65. f5+ Kf6 66.
g5+ Kg7 67. f6+ Kg8 68. Ne5 Bc5 69. Nf3 Bd6 70. Ne1 Bg3 71. Ng2 Bd6 72. Nf4 Bc5
73. h5 gxh5 74. Nxh5 Kh7 75. Kf5 Bd4 76. Ng3 Bc3 77. Ne4 Bb4 78. Nf2 Bc3 79.
Ng4 Kg8 80. Nh6+ Kf8 81. Kg4 Bb2 82. Kh5 Bc3 83. Nf5 Bb2 84. Kh6 Bc1 85. Nd6
Bd2 86. Ne4 Bc1 87. Kh7 Bb2 88. Nc5 Bc1 89. Nd7+ Ke8 90. g6 fxg6 91. Ne5 Bb2
92. Kg8 Ba3 93. Nxg6 Bb4 94. Nf4 Ba3 95. Nd3 Bd6 96. Ne5 Ba3 97. Nc6 Bc5 98.
Nd4 Ba3 1/2-1/2

[Event "Campeonato de España Universitario 2008"]
[Site "Madrid ESP"]
[Date "2008.05.11"]
[Round "9.32"]
[White "Pazos Porta, Antonio"]
[Black "Alcaraz Soriano, Angela"]
[Result "1-0"]
[WhiteElo "2176"]
[BlackElo "1995"]
[PlyCount "59"]
[EventDate "2008.05.08"]
[EventType "swiss"]
[EventRounds "9"]
[EventCountry "ESP"]
[Source "lmi"]
[SourceDate "2008.05.08"]

1. Nc3 d5 2. d4 Nf6 3. Bg5 e6 4. e4 dxe4 5. Nxe4 Be7 6. Bxf6 Bxf6 7. Nf3 O-O 8.
Nxf6+ Qxf6 9. Bd3 Nc6 10. Be4 Rd8 11. Bxc6 bxc6 12. Qe2 c5 13. dxc5 Qxb2 14.
O-O Qa3 15. Rfd1 Bb7 16. Ne5 Qxc5 17. Rab1 Bc6 18. h3 f6 19. Nd3 Qe7 20. f4 Rd4
21. Nb4 Rxd1+ 22. Rxd1 Be8 23. Qc4 Kf8 24. Na6 c6 25. Nc5 Bf7 26. Rd7 e5 27.
Qb4 Qe8 28. fxe5 fxe5 29. Qb7 e4 30. Rxf7+ 1-0

[Event "Campeonato de España Universitario 2008"]
[Site "Madrid ESP"]
[Date "2008.05.11"]
[Round "9.34"]
[White "Ivanovitch Balsinde, Nicolas M"]
[Black "Ceron Carrion, Cesar"]
[Result "1-0"]
[WhiteElo "2141"]
[BlackElo "1966"]
[PlyCount "63"]
[EventDate "2008.05.08"]
[EventType "swiss"]
[EventRounds "9"]
[EventCountry "ESP"]
[Source "lmi"]
[SourceDate "2008.05.08"]

1. e4 c5 2. Nf3 d6 3. d4 cxd4 4. Nxd4 Nf6 5. Nc3 g6 6. Be3 Bg7 7. f3 Nc6 8. Qd2
Bd7 9. Bc4 Rc8 10. Bb3 Ne5 11. O-O-O O-O 12. Kb1 Nc4 13. Bxc4 Rxc4 14. g4 a6
15. h4 h5 16. Rdg1 b5 17. Nd5 Kh7 18. gxh5 Nxh5 19. b3 Rc5 20. Ne2 e6 21. Ndf4
Rh8 22. Nxh5 Rxh5 23. Bg5 Bf6 24. Qxd6 Bxg5 25. hxg5 Qc8 26. Rxh5+ gxh5 27. g6+
Kg7 28. Qe7 Qf8 29. gxf7+ Kh7 30. Qf6 Qh6 31. Qxh6+ Kxh6 32. Rg8 1-0

[Event "Campeonato de España Universitario 2008"]
[Site "Madrid ESP"]
[Date "2008.05.11"]
[Round "9.35"]
[White "Graña Lois, Jorge"]
[Black "Sierra Canosa, Francisco"]
[Result "1/2-1/2"]
[WhiteElo "2085"]
[BlackElo "2141"]
[PlyCount "21"]
[EventDate "2008.05.08"]
[EventType "swiss"]
[EventRounds "9"]
[EventCountry "ESP"]
[Source "lmi"]
[SourceDate "2008.05.08"]

1. e4 c5 2. c3 g6 3. d4 cxd4 4. cxd4 d5 5. exd5 Bg7 6. Bb5+ Nd7 7. Nf3 Ngf6 8.
Nc3 O-O 9. d6 exd6 10. O-O Nb6 11. h3 1/2-1/2

[Event "Campeonato de España Universitario 2008"]
[Site "Madrid ESP"]
[Date "2008.05.11"]
[Round "9.37"]
[White "Garcia Bernardez, Jaime"]
[Black "Almeida Toledano, Daniel"]
[Result "1-0"]
[WhiteElo "2038"]
[BlackElo "2278"]
[PlyCount "65"]
[EventDate "2008.05.08"]
[EventType "swiss"]
[EventRounds "9"]
[EventCountry "ESP"]
[Source "lmi"]
[SourceDate "2008.05.08"]

1. e4 e6 2. d3 c5 3. Nf3 Nc6 4. g3 d5 5. Nbd2 g6 6. Bg2 Bg7 7. O-O Nge7 8. Re1
O-O 9. c3 dxe4 10. dxe4 b5 11. Qc2 b4 12. Nf1 bxc3 13. bxc3 Qa5 14. Bd2 Ba6 15.
Ne3 Rfd8 16. Bf1 Rd7 17. Nc4 Qc7 18. a4 Qd8 19. Be3 Bxc4 20. Bxc4 Qa5 21. Rec1
h6 22. Bf1 Rb8 23. Nd2 Ne5 24. Nb3 Qd8 25. Nxc5 Rd6 26. h3 Nd7 27. Nxd7 Rxd7
28. Bf4 e5 29. Be3 Kh7 30. Rd1 Nc6 31. Rxd7 Qxd7 32. Rb1 Rd8 33. Qb3 1-0

[Event "Campeonato de España Universitario 2008"]
[Site "Madrid ESP"]
[Date "2008.05.11"]
[Round "9.38"]
[White "Colls Bosch, Emili"]
[Black "Alcazar Jimenez, Jesus Alberto"]
[Result "1/2-1/2"]
[WhiteElo "2030"]
[BlackElo "2247"]
[PlyCount "69"]
[EventDate "2008.05.08"]
[EventType "swiss"]
[EventRounds "9"]
[EventCountry "ESP"]
[Source "lmi"]
[SourceDate "2008.05.08"]

1. e4 c5 2. Nf3 d6 3. Bb5+ Nc6 4. Bxc6+ bxc6 5. b3 e5 6. Bb2 Ne7 7. d3 Ng6 8.
h4 h5 9. Nbd2 Be7 10. g3 Bg4 11. Nf1 d5 12. Ne3 dxe4 13. Nxg4 hxg4 14. Nxe5
Nxe5 15. Bxe5 Qd5 16. Bxg7 Rg8 17. c4 Qe6 18. Bc3 exd3+ 19. Kf1 O-O-O 20. Qe1
Qd6 21. Qe5 Qxe5 22. Bxe5 Bd6 23. Bxd6 Rxd6 24. Rd1 Kc7 25. h5 Rh8 26. h6 Rdxh6
27. Rxh6 Rxh6 28. Rxd3 Rh1+ 29. Ke2 Ra1 30. Rd2 Kb6 31. Kd3 Ka5 32. Kc3 Rc1+
33. Kb2 Re1 34. Kc3 Rc1+ 35. Kb2 1/2-1/2

[Event "Campeonato de España Universitario 2008"]
[Site "Madrid ESP"]
[Date "2008.05.11"]
[Round "9.39"]
[White "Hajmohamad Ali, Ehsan"]
[Black "Lara Granero, Bio"]
[Result "0-1"]
[WhiteElo "2227"]
[BlackElo "2033"]
[PlyCount "104"]
[EventDate "2008.05.08"]
[EventType "swiss"]
[EventRounds "9"]
[EventCountry "ESP"]
[Source "lmi"]
[SourceDate "2008.05.08"]

1. e4 c5 2. Nf3 Nc6 3. d4 cxd4 4. Nxd4 e5 5. Nb5 h6 6. Nd6+ Bxd6 7. Qxd6 Qe7 8.
Qd1 Nf6 9. Nc3 a6 10. Bc4 d6 11. O-O Be6 12. Nd5 Bxd5 13. Bxd5 Rc8 14. c3 O-O
15. Qd3 Qc7 16. Bb3 Rfd8 17. Qf3 Qe7 18. Be3 b5 19. h3 Rd7 20. a4 b4 21. a5
bxc3 22. bxc3 Nd8 23. Bb6 Ne6 24. Ba4 Rb7 25. Rfd1 Ng5 26. Qd3 Ngxe4 27. Qxa6
Nxc3 28. Bb3 Nxd1 29. Rxd1 Rbb8 30. Qb5 Ne4 31. Qd3 Nc5 32. Qd5 Nxb3 33. Qxb3
Rc6 34. Qb5 Qb7 35. Rb1 Rc5 36. Qa4 Qa6 37. Rd1 Qc4 38. Qd7 Rd5 39. Rf1 Qc8 40.
Qa4 Qa6 41. Ra1 Rb5 42. Qd1 d5 43. Qf1 Ra8 44. Rd1 Rxa5 45. Bxa5 Qxf1+ 46. Kxf1
Rxa5 47. Rb1 f6 48. h4 h5 49. g3 Kf7 50. Rb7+ Kg6 51. Rc7 Ra2 52. Re7 d4 0-1

[Event "Campeonato de España Universitario 2008"]
[Site "Madrid ESP"]
[Date "2008.05.11"]
[Round "9.40"]
[White "Rey Garcia, Tomas"]
[Black "Zamarbide Iñarrea, Borja"]
[Result "1-0"]
[WhiteElo "2029"]
[BlackElo "2202"]
[PlyCount "61"]
[EventDate "2008.05.08"]
[EventType "swiss"]
[EventRounds "9"]
[EventCountry "ESP"]
[Source "lmi"]
[SourceDate "2008.05.08"]

1. e4 c5 2. Nc3 g6 3. g3 Bg7 4. Bg2 Nc6 5. d3 d6 6. Be3 e5 7. Qd2 Nd4 8. Nd5
Be6 9. c3 Nc6 10. Ne2 f5 11. O-O Nf6 12. Bh6 O-O 13. Bxg7 Kxg7 14. f4 Rc8 15.
h3 b5 16. Rac1 c4 17. Nxf6 cxd3 18. Nh5+ gxh5 19. Qxd3 fxe4 20. Qxe4 Qb6+ 21.
Kh2 Bxa2 22. Rcd1 Qc7 23. fxe5 Nxe5 24. Nf4 Qe7 25. Qd4 Bc4 26. Rfe1 h4 27.
Nh5+ Kh8 28. Rd2 hxg3+ 29. Nxg3 Qf6 30. Kh1 Qf4 31. Ne4 1-0

[Event "Campeonato de España Universitario 2008"]
[Site "Madrid ESP"]
[Date "2008.05.11"]
[Round "9.41"]
[White "Jimenez Lopez, Antonio"]
[Black "Codina Tormo, Julia"]
[Result "1-0"]
[WhiteElo "2146"]
[BlackElo "2029"]
[PlyCount "65"]
[EventDate "2008.05.08"]
[EventType "swiss"]
[EventRounds "9"]
[EventCountry "ESP"]
[Source "lmi"]
[SourceDate "2008.05.08"]

1. e4 c5 2. Nf3 Nc6 3. d3 g6 4. g3 Bg7 5. c3 d6 6. Bg2 Nf6 7. O-O O-O 8. Re1
Nd7 9. Nbd2 Rb8 10. a4 a6 11. Nf1 b5 12. axb5 axb5 13. d4 b4 14. Be3 bxc3 15.
bxc3 cxd4 16. cxd4 Nb6 17. Rc1 Bb7 18. d5 Na5 19. Qd3 Nd7 20. N1d2 f5 21. Ng5
Ne5 22. Qa3 Rf6 23. Ne6 Rxe6 24. dxe6 fxe4 25. Nxe4 Ba6 26. Bf1 Bxf1 27. Rxf1
Nac4 28. Qa4 Nxe3 29. fxe3 Qb6 30. Kh1 Qxe3 31. Nxd6 Ng4 32. Qxg4 exd6 33. Rce1
1-0

[Event "Campeonato de España Universitario 2008"]
[Site "Madrid ESP"]
[Date "2008.05.11"]
[Round "9.42"]
[White "Criado Lopez, Alberto"]
[Black "Caravaca Aguirre, Antonio Miguel"]
[Result "0-1"]
[WhiteElo "2014"]
[BlackElo "2130"]
[PlyCount "158"]
[EventDate "2008.05.08"]
[EventType "swiss"]
[EventRounds "9"]
[EventCountry "ESP"]
[Source "lmi"]
[SourceDate "2008.05.08"]

1. e4 c5 2. Nf3 Nc6 3. d4 cxd4 4. Nxd4 g6 5. Nc3 Bg7 6. Be3 Nf6 7. f3 Qa5 8.
Nb3 Qc7 9. Qd2 a6 10. Na4 b5 11. Nb6 Rb8 12. Nxc8 Rxc8 13. Bd3 d6 14. O-O O-O
15. a4 Ne5 16. axb5 axb5 17. Ra7 Qb8 18. Na5 Nxd3 19. Rb7 Qxb7 20. Nxb7 Nxb2
21. Na5 Nd7 22. Rb1 Nc5 23. Bd4 Bxd4+ 24. Qxd4 Nc4 25. Nxc4 Ne6 26. Qd5 bxc4
27. Rb4 Rc5 28. Qb7 Rc7 29. Qd5 Rfc8 30. g3 Rc5 31. Qd2 Nd8 32. f4 Ne6 33. Rb7
R5c7 34. Rxc7 Nxc7 35. Qa5 Kf8 36. Qg5 f6 37. Qa5 Ne6 38. Qd5 Nd8 39. Qa5 Ke8
40. Qa4+ Rc6 41. f5 g5 42. h4 h6 43. hxg5 hxg5 44. Qa8 Rc5 45. Kf2 Kd7 46. Qa7+
Rc7 47. Qa6 Nb7 48. Qb5+ Kd8 49. Qd5 Kc8 50. Qg8+ Nd8 51. Qd5 c3 52. Kf3 Rc5
53. Qa8+ Kd7 54. Qa7+ Ke8 55. Kg4 Nc6 56. Qa8+ Kd7 57. Qb7+ Kd8 58. Qa8+ Kc7
59. Qa3 Rc4 60. Kf3 Nd4+ 61. Kf2 Nb5 62. Qa5+ Kc6 63. Qa8+ Kc5 64. Ke3 Rd4 65.
Qa5 Rd2 66. Qa4 Rg2 67. Kf3 Rxc2 68. Ke3 Rg2 69. Kf3 Rd2 70. Qa1 Rd3+ 71. Ke2
c2 72. Qc1 Rc3 73. Ke1 Nd4 74. g4 Kc6 75. Kf2 Nb3 76. Qa3 c1=Q 77. Qa4+ Kc5 78.
Qa7+ Kb4 79. Qb6+ Ka3 0-1

[Event "Campeonato de España Universitario 2008"]
[Site "Madrid ESP"]
[Date "2008.05.11"]
[Round "9.43"]
[White "Gonzalez Berruga, Ana Isabel"]
[Black "Schneider Sanchez, Carlos D"]
[Result "1/2-1/2"]
[WhiteElo "1986"]
[BlackElo "2105"]
[PlyCount "28"]
[EventDate "2008.05.08"]
[EventType "swiss"]
[EventRounds "9"]
[EventCountry "ESP"]
[Source "lmi"]
[SourceDate "2008.05.08"]

1. d4 Nf6 2. c4 d6 3. Nc3 g6 4. e4 Bg7 5. f3 O-O 6. Bg5 h6 7. Be3 Nbd7 8. Qd2
Kh7 9. g4 c5 10. d5 Ne5 11. g5 hxg5 12. h4 Rh8 13. hxg5+ Nh5 14. O-O-O Kg8
1/2-1/2

[Event "Campeonato de España Universitario 2008"]
[Site "Madrid ESP"]
[Date "2008.05.11"]
[Round "9.46"]
[White "Fidalgo Fernandez, Lucia"]
[Black "Cobo Montejo, Miguel Angel"]
[Result "1-0"]
[WhiteElo "2093"]
[BlackElo "1918"]
[PlyCount "56"]
[EventDate "2008.05.08"]
[EventType "swiss"]
[EventRounds "9"]
[EventCountry "ESP"]
[Source "lmi"]
[SourceDate "2008.05.08"]

1. d4 d5 2. Nf3 Nf6 3. c4 e6 4. Nc3 c6 5. cxd5 exd5 6. Bg5 Be7 7. Qc2 h6 8. Bh4
Nbd7 9. e3 O-O 10. Bd3 Re8 11. O-O Ne4 12. Bg3 Nxg3 13. hxg3 Nf6 14. a3 Bd6 15.
b4 a6 16. Rab1 Ng4 17. Rfc1 Qe7 18. Nd1 Bd7 19. Bf5 g6 20. Bxd7 Qxd7 21. a4 Qe7
22. Qb3 h5 23. b5 axb5 24. axb5 Ra3 25. Qc2 Bxg3 26. fxg3 Rxe3 27. Nxe3 Qxe3+
28. Kf1 Re4 1-0

[Event "Campeonato de España Universitario 2008"]
[Site "Madrid ESP"]
[Date "2008.05.11"]
[Round "9.47"]
[White "Garcia Rodriguez, Vanessa"]
[Black "Paredes Mancha, Antonio"]
[Result "0-1"]
[WhiteElo "1967"]
[BlackElo "2076"]
[PlyCount "56"]
[EventDate "2008.05.08"]
[EventType "swiss"]
[EventRounds "9"]
[EventCountry "ESP"]
[Source "lmi"]
[SourceDate "2008.05.08"]

1. e4 e5 2. Nf3 Nc6 3. d4 exd4 4. Nxd4 Nge7 5. Nc3 Nxd4 6. Qxd4 Nc6 7. Qd3 Bc5
8. Bf4 d6 9. Be2 O-O 10. O-O-O Be6 11. Kb1 Bxf2 12. Rdf1 Bh4 13. g3 Bf6 14. g4
Nb4 15. Qg3 Qd7 16. a3 Nc6 17. h4 Nd4 18. Rh2 Nxe2 19. Rxe2 Bxg4 20. Rg2 h5 21.
Nd5 Bxb2 22. Kxb2 Qb5+ 23. Ka2 Qxf1 24. Ne3 Qf3 25. Qh2 Rfe8 26. Nxg4 hxg4 27.
h5 Rxe4 28. Rf2 Qh3 0-1

[Event "Campeonato de España Universitario 2008"]
[Site "Madrid ESP"]
[Date "2008.05.11"]
[Round "9.48"]
[White "Ramos Del Campo, Alexander"]
[Black "Mestres Cochs, Joan"]
[Result "1-0"]
[WhiteElo "1961"]
[BlackElo "2070"]
[PlyCount "55"]
[EventDate "2008.05.08"]
[EventType "swiss"]
[EventRounds "9"]
[EventCountry "ESP"]
[Source "lmi"]
[SourceDate "2008.05.08"]

1. e4 c5 2. Nf3 Nc6 3. d4 cxd4 4. Nxd4 Nf6 5. Nc3 e5 6. Ndb5 d6 7. Bg5 a6 8.
Na3 b5 9. Nd5 Be6 10. c4 bxc4 11. Nxc4 Bxd5 12. Bxf6 gxf6 13. Qxd5 Rc8 14. Ne3
Qb6 15. Bc4 Rc7 16. O-O a5 17. Bb5 Kd8 18. Bxc6 Rxc6 19. Qxf7 Be7 20. Nd5 Qb7
21. Rac1 Re8 22. Nxf6 Rf8 23. Qd5 Rb6 24. Qxb7 Rxb7 25. Nd5 Rxb2 26. Rb1 Rc2
27. Rb8+ Rc8 28. Rxc8+ 1-0

[Event "Campeonato de España Universitario 2008"]
[Site "Madrid ESP"]
[Date "2008.05.11"]
[Round "9.55"]
[White "Medina Menendez, Eduardo Matias"]
[Black "Pitarch Miguel, Pablo"]
[Result "1-0"]
[WhiteElo "2105"]
[BlackElo "1944"]
[PlyCount "55"]
[EventDate "2008.05.08"]
[EventType "swiss"]
[EventRounds "9"]
[EventCountry "ESP"]
[Source "lmi"]
[SourceDate "2008.05.08"]

1. e4 e5 2. Nf3 Nf6 3. Nc3 Nc6 4. Bb5 Bb4 5. O-O O-O 6. Re1 Re8 7. d3 h6 8. a3
Ba5 9. b4 Bb6 10. Na4 d6 11. Nxb6 axb6 12. Bb2 Bg4 13. h3 Bh5 14. Qe2 d5 15.
Rad1 d4 16. Bc4 Qd6 17. Kh2 Ne7 18. g4 Bg6 19. Nh4 Bh7 20. f4 exf4 21. e5 Qc6
22. b5 f3 23. Nxf3 Qc5 24. Bxd4 Qxa3 25. Ra1 Qb4 26. c3 Bxd3 27. Bxd3 Qb3 28.
Bc4 1-0

[Event "Campeonato de España Universitario 2008"]
[Site "Madrid ESP"]
[Date "2008.05.11"]
[Round "9.56"]
[White "Fernandez Blazquez, Diego"]
[Black "Gomez Peco, David"]
[Result "1/2-1/2"]
[WhiteElo "2068"]
[BlackElo "1980"]
[PlyCount "53"]
[EventDate "2008.05.08"]
[EventType "swiss"]
[EventRounds "9"]
[EventCountry "ESP"]
[Source "lmi"]
[SourceDate "2008.05.08"]

1. e4 c5 2. Nf3 e6 3. d4 cxd4 4. Nxd4 a6 5. Bd3 Bc5 6. Nb3 Be7 7. O-O d6 8. a4
b6 9. Nc3 Qc7 10. f4 Nd7 11. Be3 Bb7 12. Qe2 h5 13. Rad1 Ngf6 14. h3 g6 15. Qf2
Nc5 16. Nxc5 bxc5 17. e5 Nd5 18. exd6 Bxd6 19. Ne4 Rc8 20. Nxd6+ Qxd6 21. Bc4
Qe7 22. Bxd5 Bxd5 23. Rfe1 Bb7 24. Bd2 h4 25. Bc3 Rh5 26. Rd2 Rf5 27. Re5
1/2-1/2

[Event "Campeonato de España Universitario 2008"]
[Site "Madrid ESP"]
[Date "2008.05.11"]
[Round "9.57"]
[White "Torrenta Planas, Marcel"]
[Black "Ortiz Fernandez, David"]
[Result "0-1"]
[WhiteElo "2046"]
[BlackElo "1905"]
[PlyCount "60"]
[EventDate "2008.05.08"]
[EventType "swiss"]
[EventRounds "9"]
[EventCountry "ESP"]
[Source "lmi"]
[SourceDate "2008.05.08"]

1. d4 c5 2. d5 e6 3. c4 exd5 4. cxd5 d6 5. e4 g6 6. Nc3 Bg7 7. Be3 Nf6 8. f3
O-O 9. Qd2 a6 10. a4 Nbd7 11. h4 Nh5 12. g4 Ng3 13. Rh2 Nxf1 14. Kxf1 Ne5 15.
Bh6 Bxh6 16. Qxh6 Bxg4 17. fxg4 Qf6+ 18. Ke1 Nxg4 19. Qd2 Nxh2 20. Qxh2 b5 21.
Nd1 Rfe8 22. Ne2 Rxe4 23. axb5 Rxh4 24. Qg3 Rh1+ 25. Kd2 a5 26. Ra3 Rh5 27. Re3
Rxd5+ 28. Kc2 Qf5+ 29. Kb3 a4+ 30. Kc4 Rxd1 0-1

[Event "Campeonato de España Universitario 2008"]
[Site "Madrid ESP"]
[Date "2008.05.11"]
[Round "9.60"]
[White "Rodriguez Falcon, Jesus Manuel"]
[Black "Ares Campo, Iria"]
[Result "1-0"]
[WhiteElo "1981"]
[BlackElo "1987"]
[PlyCount "90"]
[EventDate "2008.05.08"]
[EventType "swiss"]
[EventRounds "9"]
[EventCountry "ESP"]
[Source "lmi"]
[SourceDate "2008.05.08"]

1. e4 d5 2. exd5 Nf6 3. Nc3 Nxd5 4. d4 Nxc3 5. bxc3 g6 6. Bc4 Bg7 7. Nf3 O-O 8.
O-O c5 9. Qe2 Nc6 10. Be3 Bg4 11. Rad1 Qc7 12. h3 cxd4 13. cxd4 Bxf3 14. gxf3
Rac8 15. Bb3 Rfd8 16. Qc4 e6 17. d5 exd5 18. Rxd5 Rxd5 19. Qxd5 Rd8 20. Qc4 Qd7
21. Qg4 a6 22. h4 Ne5 23. Qg3 Qf5 24. Kg2 Rd6 25. Rc1 Rd8 26. Bg5 Rc8 27. Qf4
Qxf4 28. Bxf4 Nc6 29. Bd5 Bf6 30. Kg3 b5 31. Bh6 Ne7 32. Be4 Nf5+ 33. Bxf5 gxf5
34. Kf4 Bc3 35. Rg1+ Kh8 36. Kxf5 Rc5+ 37. Ke4 Rc4+ 38. Kd3 Rxh4 39. Be3 Bf6
40. Rg4 Rh5 41. c4 Rf5 42. c5 h5 43. Rf4 Rd5+ 44. Ke4 Re5+ 45. Kd3 Kg7 1-0

[Event "Campeonato de España Universitario 2008"]
[Site "Madrid ESP"]
[Date "2008.05.11"]
[Round "9.63"]
[White "Martinez Sanchez, Carmen"]
[Black "Castejon Caballero, Natalia"]
[Result "1/2-1/2"]
[WhiteElo "1907"]
[BlackElo "2079"]
[PlyCount "106"]
[EventDate "2008.05.08"]
[EventType "swiss"]
[EventRounds "9"]
[EventCountry "ESP"]
[Source "lmi"]
[SourceDate "2008.05.08"]

1. e4 c5 2. Nf3 d6 3. d4 cxd4 4. Nxd4 Nf6 5. Nc3 g6 6. Bc4 Bg7 7. O-O O-O 8.
Rb1 Nc6 9. Nf3 Qa5 10. Bb3 a6 11. h3 Nd7 12. Nd5 Nc5 13. Re1 e6 14. Nc3 Rd8 15.
Bg5 Rd7 16. Qc1 b5 17. Qe3 Nxb3 18. cxb3 Nb4 19. Qf4 Nd3 20. Qh4 Nxe1 21. Rxe1
b4 22. Na4 Rb8 23. Bf6 Rb5 24. Bxg7 Kxg7 25. Nd2 Rh5 26. Qf4 e5 27. Qe3 f5 28.
Nc4 Qd8 29. Nab6 f4 30. Qd2 Rb7 31. Nxc8 Qxc8 32. Qxd6 f3 33. g4 Rxh3 34. Qxe5+
Kg8 35. Qd5+ Rf7 36. Ne5 Qf8 37. Qxf7+ Qxf7 38. Nxf7 Kxf7 39. e5 Rh4 40. Re4 a5
41. a3 h5 42. Rf4+ Ke7 43. axb4 axb4 44. Rxb4 hxg4 45. Re4 Ke6 46. b4 Kf5 47.
Rc4 Kxe5 48. b5 Kf5 49. b6 Rh8 50. b7 Rb8 51. Rb4 Kg5 52. Kh2 Rh8+ 53. Kg1 Rb8
1/2-1/2

[Event "Campeonato de España Universitario 2008"]
[Site "Madrid ESP"]
[Date "2008.05.11"]
[Round "9.67"]
[White "Moya Hernandez, Alvaro"]
[Black "Mancha Otano, Aritz"]
[Result "1/2-1/2"]
[WhiteElo "1809"]
[BlackElo "1989"]
[PlyCount "51"]
[EventDate "2008.05.08"]
[EventType "swiss"]
[EventRounds "9"]
[EventCountry "ESP"]
[Source "lmi"]
[SourceDate "2008.05.08"]

1. d4 Nf6 2. c4 e6 3. Nf3 Bb4+ 4. Bd2 Bxd2+ 5. Nbxd2 c5 6. e3 O-O 7. Be2 b6 8.
O-O Bb7 9. Rc1 Nc6 10. dxc5 bxc5 11. Qc2 Qc7 12. a3 Ne5 13. Nxe5 Qxe5 14. Bf3
Rab8 15. Rfd1 Bxf3 16. Nxf3 Qxb2 17. Qxb2 Rxb2 18. Ne5 Ra2 19. Nxd7 Nxd7 20.
Rxd7 g6 21. Rxa7 Rb8 22. Rc7 Rbb2 23. Rf1 Rxa3 24. Rxc5 Rc2 25. Rc8+ Kg7 26. g3
1/2-1/2

[Event "Campeonato de España Universitario 2008"]
[Site "Madrid ESP"]
[Date "2008.05.11"]
[Round "9.74"]
[White "Martin Mascaro, Juan"]
[Black "Urbano Romero, Jonas"]
[Result "1-0"]
[WhiteElo "2016"]
[BlackElo "1822"]
[PlyCount "109"]
[EventDate "2008.05.08"]
[EventType "swiss"]
[EventRounds "9"]
[EventCountry "ESP"]
[Source "lmi"]
[SourceDate "2008.05.08"]

1. d4 Nf6 2. Nf3 d5 3. Bg5 Bf5 4. e3 Nbd7 5. Bd3 Ne4 6. Bf4 a6 7. Nbd2 e6 8.
Bxe4 dxe4 9. Ng5 Nf6 10. Be5 Qd5 11. c4 Qa5 12. O-O Bg4 13. f3 exf3 14. Ngxf3
Be7 15. Qb3 Rb8 16. c5 O-O 17. Nc4 Qb5 18. Qxb5 axb5 19. Na3 Rbc8 20. Nxb5 c6
21. Nd6 Bxd6 22. Bxd6 Rfe8 23. Ne5 Bf5 24. a4 Ne4 25. g4 Bg6 26. Nxg6 hxg6 27.
Bg3 Nxg3 28. hxg3 Rcd8 29. Rf3 Rd5 30. b4 e5 31. Rd1 Ra8 32. a5 Rad8 33. Kg2 f6
34. Ra1 Ra8 35. Rf2 exd4 36. e4 Rd7 37. Rd2 d3 38. Ra3 Rd4 39. Rb3 Rxe4 40. Kf3
Rd4 41. Rdxd3 Rad8 42. Rxd4 Rxd4 43. b5 cxb5 44. Rxb5 Rd7 45. Rb6 Kf7 46. Ke4
Ke7 47. c6 bxc6 48. Rxc6 Ra7 49. a6 Kd7 50. Kd5 g5 51. Kc5 Rc7 52. Rxc7+ Kxc7
53. Kd5 Kb6 54. Ke6 Kxa6 55. Kf7 1-0